Top 15 birds by flight speed - Statistics

General Stats
  • This quiz has been taken 6 times
  • The average score is 2 of 14
Answer Stats
Maximum
airspeed
Common
Name
% Correct
389 km/h Peregrine falcon
83%
322 km/h Golden eagle
67%
166 km/h Common swift
17%
200 km/h Gyrfalcon
17%
143 km/h Spur-winged goose
17%
70 km/h Anna's hummingbird
0%
128 km/h Canvasback
0%
123 km/h Common eider
0%
159 km/h Eurasian hobby
0%
97 km/h Eurasian teal
0%
153 km/h Frigatebird
0%
130 km/h Red-breasted merganser
0%
320 km/h Saker falcon
0%
169 km/h White-throated needletail
0%
No matching quizzes found
Score Distribution
Percent of People with Each Score
Percentile by Number Answered
Your Score History
You have not taken this quiz